Christina Aguilera - Hurt Lyrics - Statistiques

Statistiques générales
  • Ce quiz a été pris 47 fois
  • Le résultat moyen est 192 sur 245
Statistiques - réponses
Réponse % Correct
i
100%
my
97%
you
97%
hurt
94%
so
94%
do
91%
for
91%
when
91%
and
89%
away
89%
to
89%
was
89%
who
89%
your
89%
i'm
86%
me
86%
myself
86%
sorry
86%
the
86%
were
86%
would
86%
arms
83%
but
83%
everything
83%
how
83%
in
83%
it
83%
told
83%
be
80%
by
80%
hold
80%
if
80%
just
80%
pain
80%
proud
80%
there
80%
yesterday
80%
all
77%
blaming
77%
couldn't
77%
face
77%
have
77%
know
77%
oh
77%
saw
77%
take
77%
you've
77%
again
74%
done
74%
hurting
74%
like
74%
of
74%
only
74%
are
71%
forgive
71%
hear
71%
knew
71%
look
71%
mistakes
71%
more
71%
nothing
71%
one
71%
see
71%
some
71%
tell
71%
thank
71%
today
71%
walked
71%
am
69%
chance
69%
it's
69%
i've
69%
there's
69%
voice
69%
what
69%
won't
69%
wrong
69%
feel
66%
seems
66%
sometimes
66%
wanna
66%
wouldn't
66%
call
63%
hard
63%
miss
63%
say
63%
this
63%
comes
60%
dangerous
60%
eyes
60%
goodbye
60%
into
60%
lookin
60%
time
60%
back
57%
down
57%
help
57%
understand
57%
admit
54%
been
54%
day
54%
days
54%
had
54%
hide
51%
looking
51%
much
51%
try
51%
upon
51%
broke
49%
since
49%
that
49%
cause
46%
inside
46%
missed
46%
turn
40%
ah
29%
line
29%
out
29%
ooh-ooh
17%
Aucun quiz correspondant
Distribution des résultats
% des personnes avec chaque résultat
Percentile par nombre de réponses
Votre historique - résultats
Vous n’avez pas pris ce quiz